000 01218nam a22002657a 4500
005 20170124102955.0
010 _aA-723634
020 _c80.00
_a817037136
035 _aA-723634
037 _bCen Lib/Ret
040 _aDPL
_bHN
082 _a824
_bजैनेन्द्र
100 _aजैनेन्द्रकुमार
_952961
245 _aजड़ की बात /
_cजैनेन्द्रकुमार ; संचायनकर्ता रमेश चन्द्र शाह
246 _aJada ki baat /
_bby Jainendra Kumar ; Sanchayankarta Ramesh Chandra Shah
260 _aनयी दिल्ली
_bपुवोदय प्रकाशन
_c1995
270 _a7/8, दरियागंज
_bनयी दिल्ली
_e110002
300 _axxii,158पृ.
_c21सेमी (सजिल्द)
650 _aहिंदी साहित्य
_952962
650 _aहिंदी साहित्य--निबंध
_952963
650 _aHindi literature
_952964
650 _aHindi literature--Essays
_952965
700 _a शाह, रमेश चन्द्र
_944896
942 _2ddc
_cHN
_h824
_mजैनेन्द्र
999 _c113583
_d113583